[Event "FRA Cup"]
[Site "Chartres"]
[Date "2024.06.29"]
[Round "1.3"]
[White "Kamsky, Gata"]
[Black "Marchais, Antoine"]
[Result "1/2-1/2"]
[WhiteElo "2613"]
[BlackElo "2152"]
[PlyCount "33"]
[EventDate "2024.06.29"]
[EventType "team-k.o."]
[EventRounds "3"]
[EventCountry "FRA"]
[SourceTitle "CBM 221 Extra"]
[Source "ChessBase"]
[SourceDate "2024.09.30"]
[SourceVersion "1"]
[SourceVersionDate "2024.09.30"]
[SourceQuality "1"]
[WhiteTeam "Chartres"]
[BlackTeam "Rennes Paul Bert"]
[WhiteTeamCountry "FRA"]
[BlackTeamCountry "FRA"]

1. d4 e6 2. Bf4 f5 3. e3 Nf6 4. Be2 d6 5. c4 g6 6. Nc3 a6 7. Nf3 Nbd7 8. h3 Bg7 9. g4 Qe7 10. gxf5 exf5 11. h4 b6 12. Rg1 Bb7 13. a4 Ne4 14. Nd5 Bxd5 15. cxd5 Ndf6 16. Qb3 Ng4 17. Rg2 1/2-1/2

[Event "Angers op 15th"]
[Site "Angers"]
[Date "2022.05.27"]
[Round "2"]
[White "Marchais, Antoine"]
[Black "Di Nicolantonio, Lucas"]
[Result "1/2-1/2"]
[WhiteElo "2110"]
[BlackElo "2399"]
[PlyCount "88"]
[EventDate "2022.05.27"]
[EventType "swiss"]
[EventRounds "6"]
[EventCountry "FRA"]
[SourceTitle "CBM 208 Extra"]
[Source "ChessBase"]
[SourceDate "2022.07.31"]
[SourceVersion "1"]
[SourceVersionDate "2022.07.31"]
[SourceQuality "1"]

1. e4 c6 2. Nc3 d5 3. Nf3 dxe4 4. Nxe4 Nf6 5. Nxf6+ exf6 6. d4 Bd6 7. Be2 0-0 8. 0-0 Bg4 9. h3 Bh5 10. Nh4 Bxe2 11. Qxe2 Re8 12. Qg4 g6 13. Bh6 Qa5 14. Nf3 f5 15. Qh4 Nd7 16. Rfe1 Qd5 17. Bf4 Bf8 18. b3 b5 19. c3 f6 20. Qg3 Re4 21. Nd2 Re6 22. Qd3 Nc5 23. Qc2 Rae8 24. Rxe6 Nxe6 25. Bh2 b4 26. Nf3 bxc3 27. Qxc3 Rd8 28. Rc1 Ba3 29. Re1 a5 30. Qe3 Re8 31. Qd3 Re7 32. Rd1 g5 33. Kf1 Bb4 34. Qc4 g4 35. Qxd5 cxd5 36. Nh4 Nxd4 37. Bd6 gxh3 38. gxh3 Re4 39. Bxb4 axb4 40. Ng2 f4 41. Rd3 f3 42. Ne3 Rh4 43. Nxd5 Rxh3 44. Ke1 Nc6 1/2-1/2

[Event "Angers op 15th"]
[Site "Angers"]
[Date "2022.05.27"]
[Round "1"]
[White "Marchais, Antoine"]
[Black "Salmon, Vivien"]
[Result "1-0"]
[WhiteElo "2110"]
[BlackElo "1817"]
[PlyCount "123"]
[EventDate "2022.05.27"]
[EventType "swiss"]
[EventRounds "6"]
[EventCountry "FRA"]
[SourceTitle "CBM 208 Extra"]
[Source "ChessBase"]
[SourceDate "2022.07.31"]
[SourceVersion "1"]
[SourceVersionDate "2022.07.31"]
[SourceQuality "1"]

1. e4 c5 2. Nc3 Nc6 3. g3 g6 4. Bg2 Bg7 5. d3 d6 6. Be3 e5 7. Qd2 Be6 8. Nge2 Qd7 9. Nd5 0-0-0 10. h3 Nge7 11. 0-0-0 Kb8 12. Kb1 f5 13. c3 Rhf8 14. f4 Bg8 15. Rhf1 Rde8 16. Rde1 Be6 17. Ng1 Ng8 18. exf5 Bxf5 19. g4 Be6 20. fxe5 Nxe5 21. Nf4 Bf7 22. Nf3 Nxf3 23. Bxf3 Ne7 24. d4 Qc7 25. dxc5 dxc5 26. Nd3 Qa5 27. Nxc5 Qxa2+ 28. Kc2 Nd5 29. Bxd5 Bxd5 30. Ra1 Qc4 31. Rxf8 Bxf8 32. b3 Be4+ 33. Kb2 Qd5 34. Nd7+ Kc7 35. Nf6 Qxd2+ 36. Bxd2 Re7 37. Rf1 Bc6 38. Rf2 Rf7 39. Bf4+ Kc8 40. Be3 Be7 41. g5 a6 42. Bd4 Bd6 43. Be3 Be5 44. Bb6 h6 45. h4 hxg5 46. hxg5 Re7 47. Rd2 Bc7 48. Bd4 Bf4 49. Rf2 Bxg5 50. Ng4 b5 51. Ne5 Be4 52. Rf8+ Kc7 53. Rg8 Rh7 54. Nxg6 Rh2+ 55. Ka3 a5 56. Be5+ Kc6 57. Bxh2 Kc5 58. Bg1+ Kd6 59. Kb2 Bf6 60. Bd4 Bg5 61. Ne5 Bf4 62. Rg4 1-0

[Event "Avoine op 32nd"]
[Site "Avoine"]
[Date "2017.07.29"]
[Round "8"]
[White "Marchais, Antoine"]
[Black "Bouget, Alexandre"]
[Result "0-1"]
[WhiteElo "1794"]
[BlackElo "2210"]
[PlyCount "54"]
[EventDate "2017.07.22"]
[EventType "swiss"]
[EventRounds "9"]
[EventCountry "FRA"]
[SourceTitle "CBM 179 Extra"]
[Source "ChessBase"]
[SourceDate "2017.08.23"]
[SourceVersion "1"]
[SourceVersionDate "2017.08.23"]
[SourceQuality "1"]

1. e4 e5 2. Nf3 Nc6 3. Bc4 Nf6 4. d3 Bc5 5. c3 d6 6. Bb3 0-0 7. Nbd2 Ne7 8. h3 Ng6 9. Nf1 Nh5 10. g3 c6 11. h4 Qb6 12. Be3 Bxe3 13. fxe3 Bg4 14. Qe2 a5 15. Rb1 a4 16. Bc2 f5 17. d4 fxe4 18. Bxe4 d5 19. Rg1 Qc7 20. N1h2 dxe4 21. Qc4+ Kh8 22. Ng5 b5 23. Qc5 Qd7 24. c4 Rac8 25. Rc1 h6 26. Nxe4 Qf5 27. Nxg4 Qxe4 0-1

[Event "Ile et Vilaine op"]
[Site "Rennes"]
[Date "2017.07.08"]
[Round "1"]
[White "Wilschut, Peter"]
[Black "Marchais, Antoine"]
[Result "1-0"]
[WhiteElo "2259"]
[BlackElo "1794"]
[PlyCount "95"]
[EventDate "2017.07.08"]
[EventType "swiss"]
[EventRounds "9"]
[EventCountry "FRA"]
[SourceTitle "EXT 2019"]
[Source "ChessBase"]
[SourceDate "2018.10.10"]
[SourceVersion "1"]
[SourceVersionDate "2018.10.10"]
[SourceQuality "1"]

1. c4 e6 2. Nf3 b6 3. e4 Bb7 4. Nc3 Ne7 5. d4 d5 6. cxd5 exd5 7. e5 c5 8. Bb5+ Nbc6 9. 0-0 a6 10. Ba4 b5 11. Bc2 c4 12. Ng5 Qd7 13. Re1 Nd8 14. Qf3 Ng6 15. e6 Nxe6 16. Nxe6 fxe6 17. Bg5 Be7 18. Bxe7 Nxe7 19. Qg4 g6 20. Rxe6 0-0-0 21. Rae1 Rde8 22. Qe2 Kd8 23. Qe5 Nc6 24. Qf6+ Kc8 25. R1e3 Rhf8 26. Rxe8+ Rxe8 27. h3 Nd8 28. Bd1 Rxe3 29. fxe3 Kc7 30. Bf3 b4 31. Qe5+ Qd6 32. Qg7+ Kb8 33. Na4 Qc7 34. Qf8 a5 35. Kf2 Ka7 36. Ke1 Ne6 37. Qf6 Qc6 38. Bd1 c3 39. bxc3 bxc3 40. Bc2 Qc8 41. Qe7 Qc6 42. Qa3 Nxd4 43. exd4 Qe6+ 44. Kd1 Ba6 45. Qxc3 Qe2+ 46. Kc1 Qf1+ 47. Kb2 Qb5+ 48. Bb3 1-0

[Event "Ille et Vilaine-ch 1112"]
[Site "Ile et Vilaine"]
[Date "2012.03.03"]
[Round "6.21"]
[White "Marchais, Paul"]
[Black "Marchais, Antoine"]
[Result "1-0"]
[WhiteElo "1500"]
[BlackElo "1450"]
[PlyCount "63"]
[EventDate "2012.10.??"]
[EventType "swiss"]
[EventRounds "7"]
[EventCountry "FRA"]
[SourceTitle "EXT 2014"]
[Source "ChessBase"]
[SourceDate "2013.11.20"]
[SourceVersion "1"]
[SourceVersionDate "2013.11.20"]
[SourceQuality "1"]

1. c4 e6 2. Nc3 Nc6 3. Nf3 b6 4. g3 Bb7 5. Bg2 Bb4 6. Qc2 Qf6 7. 0-0 Nge7 8. a3 Bc5 9. b4 Bd4 10. Bb2 Nf5 11. e3 Be5 12. Ne4 Nxb4 13. Nxf6+ Bxf6 14. axb4 Bxb2 15. Qxb2 0-0-0 16. Ne5 Bxg2 17. Kxg2 Rdf8 18. Qa3 Kd8 19. Qa4 c6 20. Qxa7 Ke7 21. g4 Nh4+ 22. Kg3 h6 23. Kxh4 g5+ 24. Kg3 Ra8 25. Qxd7+ Kf6 26. d4 Rhf8 27. Rxa8 h5 28. Rxf8 h4+ 29. Kg2 h3+ 30. Kxh3 Kg7 31. Qxf7+ Kh6 32. Qg6# 1-0